| 000 | 00713cab a2200217 4500 | ||
|---|---|---|---|
| 001 | WB3032-46 | ||
| 008 | 090401t1994 xxu||||| |||| 00| 0 eng d | ||
| 035 | _a(Sirsi) u36875 | ||
| 041 | _aeng | ||
| 245 | _aPollution dispute | ||
| 260 | _c1994 | ||
| 350 | _a0 | ||
| 490 |
_aFarmers' Weekly _v121(7) 19 August 1994, 15(1) |
||
| 520 | _aA £1m court case between a Derbyshire farmer, Michael Wareing, and two chemical companies, Standton plc and Stavely Chemicals, looks set to end a 23-year dispute over air pollution affecting livestock. | ||
| 650 | _aAIR POLLUTION | ||
| 650 | _aCATTLE | ||
| 650 | _aCOMPENSATION | ||
| 690 | _aENVIRONMENTAL AND LAND CONSULTANCY | ||
| 942 | _n0 | ||
| 948 | _c04/03/1997 | ||
| 999 |
_c23862 _d23862 |
||